<?xml version="1.0" encoding="UTF-8"?>
<record
    xmlns:xsi="http://www.w3.org/2001/XMLSchema-instance"
    xsi:schemaLocation="http://www.loc.gov/MARC21/slim http://www.loc.gov/standards/marcxml/schema/MARC21slim.xsd"
    xmlns="http://www.loc.gov/MARC21/slim">

  <leader>01496nam a2200205Ia 4500</leader>
  <controlfield tag="008">120625s2013    MX            000 0 SPA d</controlfield>
  <datafield tag="020" ind1=" " ind2=" ">
    <subfield code="a">9786074063561</subfield>
  </datafield>
  <datafield tag="050" ind1=" " ind2=" ">
    <subfield code="a">AV KGF7611.A28 2012</subfield>
  </datafield>
  <datafield tag="110" ind1=" " ind2=" ">
    <subfield code="a">ISEF</subfield>
  </datafield>
  <datafield tag="240" ind1=" " ind2=" ">
    <subfield code="a">Agenda civil del D. F. 2012</subfield>
  </datafield>
  <datafield tag="245" ind1=" " ind2=" ">
    <subfield code="a">Agenda civil del D. F. 2012</subfield>
  </datafield>
  <datafield tag="250" ind1=" " ind2=" ">
    <subfield code="a">22</subfield>
  </datafield>
  <datafield tag="260" ind1=" " ind2=" ">
    <subfield code="a">M&#xE9;xico </subfield>
    <subfield code="b">:Ediciones Fiscales ISEF</subfield>
    <subfield code="c">, 2012</subfield>
  </datafield>
  <datafield tag="300" ind1=" " ind2=" ">
    <subfield code="a">1 v. (paginaci&#xF3;n variada) </subfield>
    <subfield code="c">; 17 cm.</subfield>
  </datafield>
  <datafield tag="500" ind1=" " ind2=" ">
    <subfield code="a"> : compendio de leyes, reglamentos y otras disposiciones conexas sobre la materia</subfield>
  </datafield>
  <datafield tag="505" ind1=" " ind2=" ">
    <subfield code="a">C&#xF3;digo Civil para el D.F. ; C&#xF3;digo de Procedimientos Civiles para el D.F. ; C&#xF3;digo Civil Federal ; C&#xF3;digo Federal de Procedimientos Civiles ; Ley de Notariado para el D. F. ; Ley de la propiedad en Condominio de Inmuebles para el D.F. ; Ley Registral para el D.F. y Reglamento ; Arancel de Notarios del D.F. ; Convenio de coordinaci&#xF3;n para efectuar el registro de reci&#xE9;n nacidos en las cl&#xED;nicas y hospitales del sector salud en el D.F. ; Ley de Instituciones de Asistencia privada para el D.F. ; Ley para prevenir y eliminar la discriminaci&#xF3;n del D.F. ; Ley de sociedades de convivencia para el D.F. ; Ley de acceso de las mujeres a una vida libre de violencia para el D.F. ; Ley de la Procuradur&#xED;a social del D.F. ; Decreto de abroga el diverso que porroga los contratos de arrendamiento de las casas o locales que se citan </subfield>
  </datafield>
  <datafield tag="650" ind1=" " ind2=" ">
    <subfield code="a">Derecho civil -- Distrito Federal </subfield>
  </datafield>
  <datafield tag="650" ind1=" " ind2=" ">
    <subfield code="a">Procedimiento civil -- Distrito Federal </subfield>
  </datafield>
  <datafield tag="942" ind1=" " ind2=" ">
    <subfield code="c">LB</subfield>
    <subfield code="2">ddc</subfield>
  </datafield>
  <datafield tag="952" ind1=" " ind2=" ">
    <subfield code="0">0</subfield>
    <subfield code="1">0</subfield>
    <subfield code="4">0</subfield>
    <subfield code="7">0</subfield>
    <subfield code="a">03</subfield>
    <subfield code="b">03</subfield>
    <subfield code="d">2013-07-27</subfield>
    <subfield code="l">70</subfield>
    <subfield code="o">AV KGF7611.A28 2012</subfield>
    <subfield code="p">03 006383</subfield>
    <subfield code="r">2019-10-10</subfield>
    <subfield code="s">2019-10-10</subfield>
    <subfield code="t">1</subfield>
    <subfield code="w">2013-07-27</subfield>
    <subfield code="y">LB</subfield>
  </datafield>
  <datafield tag="952" ind1=" " ind2=" ">
    <subfield code="0">0</subfield>
    <subfield code="1">0</subfield>
    <subfield code="4">0</subfield>
    <subfield code="7">0</subfield>
    <subfield code="a">03</subfield>
    <subfield code="b">03</subfield>
    <subfield code="d">2013-07-27</subfield>
    <subfield code="l">58</subfield>
    <subfield code="o">AV KGF7611.A28 2012</subfield>
    <subfield code="p">03 006384</subfield>
    <subfield code="r">2019-09-04</subfield>
    <subfield code="s">2019-09-04</subfield>
    <subfield code="t">2</subfield>
    <subfield code="w">2013-07-27</subfield>
    <subfield code="y">LB</subfield>
  </datafield>
  <datafield tag="952" ind1=" " ind2=" ">
    <subfield code="0">0</subfield>
    <subfield code="1">0</subfield>
    <subfield code="4">0</subfield>
    <subfield code="7">0</subfield>
    <subfield code="a">03</subfield>
    <subfield code="b">03</subfield>
    <subfield code="d">2013-07-27</subfield>
    <subfield code="l">28</subfield>
    <subfield code="o">AV KGF7611.A28 2012</subfield>
    <subfield code="p">03 006385</subfield>
    <subfield code="r">2016-06-07</subfield>
    <subfield code="s">2016-06-02</subfield>
    <subfield code="t">3</subfield>
    <subfield code="w">2013-07-27</subfield>
    <subfield code="y">LB</subfield>
  </datafield>
  <datafield tag="952" ind1=" " ind2=" ">
    <subfield code="0">0</subfield>
    <subfield code="1">0</subfield>
    <subfield code="4">0</subfield>
    <subfield code="7">0</subfield>
    <subfield code="a">03</subfield>
    <subfield code="b">03</subfield>
    <subfield code="d">2013-07-27</subfield>
    <subfield code="l">55</subfield>
    <subfield code="o">AV KGF7611.A28 2012</subfield>
    <subfield code="p">03 006386</subfield>
    <subfield code="r">2019-09-04</subfield>
    <subfield code="s">2019-09-04</subfield>
    <subfield code="t">4</subfield>
    <subfield code="w">2013-07-27</subfield>
    <subfield code="y">LB</subfield>
  </datafield>
  <datafield tag="952" ind1=" " ind2=" ">
    <subfield code="0">0</subfield>
    <subfield code="1">0</subfield>
    <subfield code="4">0</subfield>
    <subfield code="7">0</subfield>
    <subfield code="a">03</subfield>
    <subfield code="b">03</subfield>
    <subfield code="d">2013-07-27</subfield>
    <subfield code="l">52</subfield>
    <subfield code="o">AV KGF7611.A28 2012</subfield>
    <subfield code="p">03 006387</subfield>
    <subfield code="r">2019-09-04</subfield>
    <subfield code="s">2019-09-04</subfield>
    <subfield code="t">5</subfield>
    <subfield code="w">2013-07-27</subfield>
    <subfield code="y">LB</subfield>
  </datafield>
  <datafield tag="999" ind1=" " ind2=" ">
    <subfield code="c">90275</subfield>
    <subfield code="d">90275</subfield>
  </datafield>
</record>
